Conocimiento práctico para la enseñanza del lenguaje oral y escrito de estudiantes de educación inicial : (Record no. 181720)
[ view plain ]
| 000 -CABECERA | |
|---|---|
| campo de control de longitud fija | 02709nab a2200313 a 4500 |
| 005 - FECHA Y HORA DE LA ÚLTIMA TRANSACCIÓN | |
| campo de control | 20210219162721.0 |
| 008 - ELEMENTOS DE LONGITUD FIJA--INFORMACIÓN GENERAL | |
| campo de control de longitud fija | 991125s1985 mx 000 0 spa u |
| 035 ## - NÚMERO DE CONTROL DEL SISTEMA | |
| Número de control de sistema | UPN01000209619 |
| 049 ## - COLECCIÓN | |
| Colección | ART |
| 100 1# - ASIENTO PRINCIPAL--NOMBRE PERSONAL | |
| Nombre de persona | Díaz, Carmen |
| 100 1# - ASIENTO PRINCIPAL--NOMBRE PERSONAL | |
| Filiación | ddiazo@uc.cl |
| 100 1# - ASIENTO PRINCIPAL--NOMBRE PERSONAL | |
| Nombre de persona | Villalón, Malva |
| 100 1# - ASIENTO PRINCIPAL--NOMBRE PERSONAL | |
| Filiación | malva@uc.cl |
| 100 1# - ASIENTO PRINCIPAL--NOMBRE PERSONAL | |
| Nombre de persona | Adlerstein, Cynthia |
| 100 1# - ASIENTO PRINCIPAL--NOMBRE PERSONAL | |
| Filiación | cadlerst@uc.cl |
| 222 #0 - TÍTULO CLAVE | |
| Título clave | INTERDISCIPLINARIA : REVISTA DE PSICOLOGIA Y CIENCIAS AFINES |
| 245 00 - MENCIÓN DE TÍTULO | |
| Título | Conocimiento práctico para la enseñanza del lenguaje oral y escrito de estudiantes de educación inicial : |
| Resto del título | una aproximación desde la elaboración de mapas conceptuales |
| 260 ## - PUBLICACIÓN, DISTRIBUCIÓN, ETC. | |
| Lugar de publicación, distribución, etc. | Buenos Aires, Argentina |
| 300 ## - DESCRIPCIÓN FÍSICA | |
| Extensión | 331-345 |
| 362 0# - FECHAS DE PUBLICACIÓN Y/O DESIGNACIÓN SECUENCIAL | |
| Fecha de publicación y/o designación secuencial | 2015 Volumen 32, número 2 |
| 520 3# - NOTA DE RESUMEN, ETC. | |
| Sumario, etc. | La investigación sobre las prácticas de enseñanza de los educadores ha puesto de relieve la importancia de las cogniciones que subyacen a las prácticas pedagógicas. El conocimiento práctico de los educadores define el conocimiento que generan los educadores mismos, como resultado de la integración y mutua influencia de fuentes teóricas y prácticas y que orienta su quehacer en el aula. Esta noción ha sido aplicada para abordar el conocimiento de los educadores sobre las diversas dimensiones que integran su trabajo profesional. El objetivo del estudio que se presenta fue examinar las dimensiones del conocimiento práctico para la enseñanza del lenguaje oral y escrito evidenciadas por estudiantes de educación inicial en práctica final, a través de la elaboración y explicación de mapas conceptuales. Participaron 26 estudiantes de ocho programas universitarios de formación profesional de Santiago (Chile). Los resultados de este estudio cualitativo descriptivo mostraron una mayor representación de tres de las seis dimensiones examinadas: conocimiento de la materia (lenguaje oral y alfabetización inicial), conocimiento de estrategias pedagógicas para su enseñanza y conocimiento de los niños a su cargo. El conocimiento del desarrollo y el aprendizaje en la infancia, de los propósitos de la enseñanza de esta materia y del currículum fueron representados en menos de la mitad de los mapas conceptuales. Se analizan estos resultados desde la perspectiva de la investigación reciente acerca de la enseñanza del lenguaje oral y la alfabetización durante los primeros años y la formación profesional de los educadores a cargo del nivel inicial |
| 653 0# - TERMINO DE INDIZACION - NO CONTROLADO | |
| Término no controlado | LENGUAJE ORAL |
| 653 0# - TERMINO DE INDIZACION - NO CONTROLADO | |
| Término no controlado | LENGUAJE ESCRITO |
| 653 0# - TERMINO DE INDIZACION - NO CONTROLADO | |
| Término no controlado | MAPAS CONCEPTUALES |
| 653 0# - TERMINO DE INDIZACION - NO CONTROLADO | |
| Término no controlado | EDUCACION INCIAL |
| 653 0# - TERMINO DE INDIZACION - NO CONTROLADO | |
| Término no controlado | FORMACION DE EDUCADORES |
| 856 4# - LOCALIZACIÓN Y ACCESO ELECTRÓNICOS | |
| Identificador Uniforme del Recurso | <a href="http://www.redalyc.org/articulo.oa?id=18043528008">http://www.redalyc.org/articulo.oa?id=18043528008</a> |
| 905 ## - TIPO DE MATERIAL | |
| Tipo de material | Articulo |
No items available.
